[Event "11. OSEM SH"]
[Site "Büsum"]
[Date "2017.09.08"]
[Round "1.87"]
[White "Hansch, Klaus-Michael"]
[Black "Graffenberger, Marianne"]
[Result "1-0"]
[WhiteElo "1893"]
[BlackElo "1382"]
[PlyCount "63"]
[EventDate "2017.??.??"]
[WhiteTeam "SC Weisse Dame (Berlin)"]
[BlackTeam "Hamburger SK"]

1. e4 e5 2. d4 d6 3. dxe5 dxe5 4. Qxd8+ Kxd8 5. Bc4 f6 6. Be3 Nd7 7. Nc3 Bc5 8.
Bxc5 Nxc5 9. O-O-O+ Ke7 10. Nd5+ Kd8 11. Nxf6+ Ke7 12. Nxg8+ Rxg8 13. Bxg8 Nxe4
14. Rf1 Nf6 15. Bc4 b6 16. f3 Bb7 17. Bd3 h6 18. Re1 Kd6 19. Ne2 c5 20. Nc3 a6
21. Ne4+ Nxe4 22. Bxe4 Bxe4 23. Rxe4 Rf8 24. h4 h5 25. Rh3 g6 26. Rg3 Rf6 27.
Rg5 Ke7 28. Rgxe5+ Kd6 29. Re8 Kd7 30. R4e7+ Kc6 31. Re6+ Rxe6 32. Rxe6+ 1-0

[Event "11. OSEM SH"]
[Site "Büsum"]
[Date "2017.09.08"]
[Round "1.88"]
[White "Hadlich, Carmen"]
[Black "Jürgens, Peter"]
[Result "0-1"]
[WhiteElo "1351"]
[BlackElo "1893"]
[PlyCount "36"]
[EventDate "2017.??.??"]
[WhiteTeam "SV Holstein Quickborn"]
[BlackTeam "SC Tempo Göttingen"]

1. d4 e6 2. Nf3 Nf6 3. e3 c5 4. c3 d5 5. Bd3 Bd6 6. O-O O-O 7. Nbd2 Nbd7 8. Re1
Qc7 9. e4 dxe4 10. Nxe4 Nxe4 11. Bxe4 Nf6 12. Bd3 b6 13. dxc5 Bxc5 14. Be3 Bb7
15. Bxc5 Qxc5 16. Re5 Qc7 17. h3 Bxf3 18. Re3 Bxd1 0-1

[Event "11. OSEM SH"]
[Site "Büsum"]
[Date "2017.09.08"]
[Round "1.89"]
[White "Schumacher, Helmut"]
[Black "Boß, Kurt"]
[Result "1-0"]
[WhiteElo "1890"]
[BlackElo "1222"]
[PlyCount "43"]
[EventDate "2017.??.??"]
[WhiteTeam "DJK Aufwärts Aachen"]
[BlackTeam "Flensburger SK"]

1. d4 c6 2. e4 Nf6 3. Nc3 d5 4. e5 Ne4 5. Nxe4 dxe4 6. Ne2 Bg4 7. h3 Bd7 8. Nc3
Bf5 9. g4 Bg6 10. Bg2 Qa5 11. Bd2 Qd8 12. Be3 f5 13. gxf5 Bxf5 14. Qd2 e6 15.
Nxe4 Qb6 16. c3 Na6 17. d5 O-O-O 18. Bxb6 Rxd5 19. Nd6+ Kb8 20. Bxd5 cxd5 21.
Nxf5 axb6 22. b4 1-0

[Event "11. OSEM SH"]
[Site "Büsum"]
[Date "2017.09.08"]
[Round "1.90"]
[White "Walther, Renate"]
[Black "Josting, Friedel"]
[Result "0-1"]
[WhiteElo "1173"]
[BlackElo "1884"]
[PlyCount "44"]
[EventDate "2017.??.??"]
[WhiteTeam "SK Herzogenaurach"]
[BlackTeam "SG Bünde"]

1. e4 c5 2. Nf3 e6 3. Nc3 Nc6 4. Bc4 a6 5. d3 Nge7 6. O-O b5 7. Bb3 Bb7 8. Be3
Ng6 9. h3 Be7 10. a4 b4 11. Ne2 O-O 12. c4 bxc3 13. bxc3 Rc8 14. a5 Nxa5 15.
Rxa5 Qxa5 16. Qa1 Qc7 17. Rc1 f5 18. Ng5 Kh8 19. g3 Bxg5 20. Bxg5 fxe4 21. Bc4
exd3 22. Bxd3 Qc6 0-1